Política económica y sector externo : (Registro nro. 5572)

Detalles MARC
000 -LEADER
fixed length control field 01204nam a2200265Ia 4500
003 - CONTROL NUMBER IDENTIFIER
control field OSt
005 - DATE AND TIME OF LATEST TRANSACTION
control field 20200723180508.0
008 - FIXED-LENGTH DATA ELEMENTS--GENERAL INFORMATION
fixed length control field 191128s1980 ck ad fr 000 0 spa d
040 ## - CATALOGING SOURCE
Original cataloging agency CO-JMCR
Transcribing agency CO-JMCR
041 0# - LANGUAGE CODE
Language code of text/sound track or separate title spa
082 04 - DEWEY DECIMAL CLASSIFICATION NUMBER
Classification number 338.9861 /
Item number N322p
Edition number 23
100 1# - MAIN ENTRY--PERSONAL NAME
Personal name Navas Sierra, Alberto,
Relator term autor
9 (RLIN) 7750
245 10 - TITLE STATEMENT
Title Política económica y sector externo :
Remainder of title algunos antecedentes para la historia económica nacional /
Statement of responsibility, etc. J. Alberto Navas Sierra
260 ## - PUBLICATION, DISTRIBUTION, ETC.
Place of publication, distribution, etc. Bogotá :
Name of publisher, distributor, etc. Banco Popular,
Date of publication, distribution, etc. 1980
300 ## - PHYSICAL DESCRIPTION
Extent 501 páginas, 5 hojas plegables :
Other physical details gráficos a blanco y negro ;
Dimensions 24 cm.
490 0# - SERIES STATEMENT
Series statement Biblioteca Banco Popular. Textos Universitarios
500 ## - GENERAL NOTE
General note Incluye notas a pie de página.
505 0# - FORMATTED CONTENTS NOTE
Formatted contents note Sector externo y desarrollo económico: antecedentes sobre el caso colombiano -- Tecnología, intercambio y desarrollo: un tema latinoamericano -- La política comercial nacional y su marco institucional -- Las compañías de comercialización
650 14 - SUBJECT ADDED ENTRY--TOPICAL TERM
Topical term or geographic name entry element Política económica
9 (RLIN) 7751
650 14 - SUBJECT ADDED ENTRY--TOPICAL TERM
Topical term or geographic name entry element Política comercial
9 (RLIN) 6253
650 14 - SUBJECT ADDED ENTRY--TOPICAL TERM
Topical term or geographic name entry element Comercio exterior
9 (RLIN) 4820
650 14 - SUBJECT ADDED ENTRY--TOPICAL TERM
Topical term or geographic name entry element Certificados tributarios
9 (RLIN) 7752
650 14 - SUBJECT ADDED ENTRY--TOPICAL TERM
Topical term or geographic name entry element Certificado de abono tributario
9 (RLIN) 7753
942 ## - ADDED ENTRY ELEMENTS (KOHA)
Source of classification or shelving scheme Dewey Decimal Classification
Koha item type Books
Existencias
Withdrawn status Lost status Source of classification or shelving scheme Damaged status Not for loan Collection code Home library Current library Date acquired Source of acquisition Full call number Barcode Date last seen Copy number Koha item type Public note
    Dewey Decimal Classification     Non-fiction Biblioteca Pública José María del Castillo y Rada Biblioteca Pública José María del Castillo y Rada 04/15/2018 Donación 338.9861 / N322p 430002233 05/16/2024 Ej.1 Books Exlibris: algunas páginas rayadas, manchas de acidez en las últimas páginas